000
00190nam a2200085 4500
001
1258564
005
20260312193955.0
245
_a
BAŞARI OKULU
_c
ÖZGÜR GEZ
260
_b
ATLI KARINCA YAYINLARI
999
_c
1258564
_d
1258564